LEADER 01224nam a2200289 a 4500 001 000000133662 003 CaOOAMICUS 005 20130424095418.0 008 130424s2005 gw 000 u ger r 020 $a3-608-94121-5 040 $aPUL$bita 082 04$a241 100 1 $aSpaemann, Robert,$d1927-$0(OLS)http://pul/name/15909 245 10$aNatürliche Ziele :$bGeschichte und Wiederentdeckung des teleologischen Denkens /$cRobert Spaemann, Reinhard Löw. 260 $aStuttgart :$bKlett-Cotta,$c2005. 300 $a308 p. ;$c23 cm. 504 $aInclude referenze bibliografiche. 650 4$aEtica teologica.$0(OLS)http://pul/subject/38268 700 1 $aLöw, Reinhard.$0(OLS)http://pul/name/59317 850 $aPUL 852 $aPUL$W1$xSL Religione 3$y85$m241 SPARO 1$j153631$qDDC 21$B153195$CPULBib$Z2$F153195 $H122181 $82 941 1 $a9 996 $6020$a3-608-94121-5$9(OLS)http://pul/number/152524 996 $6082$a241$9(OLS)http://pul/classification/246 996 $6245$aNatürliche Ziele :$bGeschichte und Wiederentdeckung des teleologischen Denkens$9(OLS)http://pul/title/168953 996 $6260$aStuttgart :$bKlett-Cotta$9(OLS)http://pul/publisher/60414 LEADER 01201nam a2200265 a 4500 001 000000158134 003 CaOOAMICUS 005 20170124143653.0 008 170124s1942 un m 001 u lat r 032 $aLibriCat 040 $aPUL$bita 100 1 $aZivkovic, Elia.$0(OLS)http://pul/name/100974 245 10$aDe personalitate iuridica ecclesiae ante decretum Gratiani / $cElia Zivkovivc. 260 $aDjakovo :$bTyp. Dioecesana,$c1942. 300 $a37 p. ;$c22 cm. 502 $aEstratto di Tesi -- Pontificia Universitas Gregoriana. Facultas Iuris Canonici. 1942. 504 $aBibliografia in nota a piè pagina. 600 04$aGratianus,$dsec. XII.$0(OLS)http://pul/subject/1598 710 2 $aPontificia Università Gregoriana.$bFacoltà di diritto canonico.$kTesi.$0(OLS)http://pul/name/81757 850 $aPUL 852 $aPUL$W1$xDP1 Tesi Pon. Univ. Gregoriana$y40$mTH PUG 383$j181469$qTesi$B184610$CPULBib$Z2$F184610 $H9670 $82 941 1 $a16 996 $6245$aDe personalitate iuridica ecclesiae ante decretum Gratiani / $9(OLS)http://pul/title/197742 996 $6260$aDjakovo :$bTyp. Dioecesana$9(OLS)http://pul/publisher/85926